00724nam a2200181Ia 4500082001600000245021000016260004300226300001000269650002600279650003700305650004000342650002000382700001800402700002000420700001800440710005300458710003100511 a025.42 CLA; 0aClassification and communication: papers presented at the second regional conference of International Federation for Documentation Committee on Classification Research (FID/CR) November 15, 1985, New Delhi aDelhibDelhi Library Associationc1985 a110p. aClassification, Colon aCommunication in library science aClassification - Study and teaching aLibrary science aKrishan Kumar aVashishth, C.P. aKashyap, M.M. aSarada Ranganathan Endowment for Library Science aIndian Library Association